000 02046cam a22004574i 4500
003 PE-LiUPU
005 20250731165530.0
008 150623s r 000 0 d
035 _a(Sirsi) a29545
035 _a(Sirsi) a29545
040 _aPE-LiUPU
_bspa
_cPE-LiUPU
_erda
082 0 4 _a270.985
_bV32
_221
100 1 _aVargas Ugarte, Rubén,
_eautor.
245 1 0 _aHistoria de la iglesia en el Perú (1511-1568).
_n1 /
_cRubén Vargas Ugarte.
264 1 _aLima, Perú :
_bImprenta Santa María,
_c1953.
300 _a422 páginas :
_bilustraciones foto ;
_c24 cm.
336 _atext
_2rdacontent
337 _aunmediated
_2rdamedia
338 _avolume
_2rdacarrier
505 0 _aEl Perú antes de la conquista. -La raza índigena. -La religión de los incas. -Las lenguas indígenas. -La venida del apóstol. -La conquista espiritual de tierra firme. -La conquista del Perú. -Las primeras labores de la evangelización. -Establecimiento de la jerarquía. -La iglesia durante el período de las luchas civiles. -Las ordenes religiosas. -Organización de la iglesia. -Nuevas y antiguas diócesis. -La iglesia y las obras de caridad. -La iglesia y la cultura. -El patronato indiano. -La inquisición.
526 _aSEG44
526 _aSEG26
526 _aP151
526 _aP150
526 _aP149
526 _aP146
526 _aP145
526 _aP126
526 _aP125
526 _aP92
526 _aP75
526 _aP74
526 _aP27
526 _aP15
942 _2ddc
_cBOOK
949 _aRC 270.985 V32 1
_wDEWEY
_c1
_i19132
_lRC
_mBUL
_r0
_sY
_tBOOK
_u2015-6-24
_xTEOLOGIA
_PP35
_0COMPRA
_o.CIRCNOTE. No olvidar cambiar la fecha de devolución!!!!!!!
_o.STAFF. Colección General
994 _aC0
_bPEPRU
596 _a1
999 _aRC 270.985 V32 1
_wDEWEY
_c36913
_i19132
_d36913
_f2021-11-8
_g7
_lCCODEBUL1
_mBUL
_q1
_r1
_sY
_tBOOK
_u2015-6-24
_xTEOLOGIA
_PP35
_0COMPRA
_o.CIRCNOTE. No olvidar cambiar la fecha de devolución!!!!!!!
_o.STAFF. Colección General
980 _81
_gALBERTO SANCHEZ Responsable de Automatización